Türkiye tarımında gübre sanayinin önemi ve TÜGSAŞ (Record no. 10461)

MARC details
000 -BAŞLIK
Sabit Uzunlukta Kontrol Alanı 00940na a2200277 4500
001 - KONTROL NUMARASI
Denetim Alanı 23548
003 - KONTROL NUMARASI IDENTIFIER
Denetim Alanı MIRAKIL
005 - SON İŞLEM TARİHİ VE ZAMANI
Denetim Alanı 20181213155322.0
008 - SABİT-BOY VERİ ELEMANLARI - GENEL BİLGİLER
Sabit Uzunlukta Kontrol Alanı 180110b tu 000 0
040 ## - KATALOGLAMA KAYNAK
Orijinal Kataloglama Ajansı Milas
Kataloglama Dili tur
Metne Dönüştürmek Ajansı TR-AnCHP
041 ## - DİL KODU
Metin / Ses Parça Veya Ayrı Başlığın Dil Kodu tur
082 ## - DEWEY ONLU SINIFLANDIRMA NUMARASI
Sınıflandırma Numarası 338.47
Ürün Numarası T96 1999
090 ## - SINIFLAMA NUMARASI
Sınıflama Numarası 338.47 T96 1999
110 ## - ANA GİRİŞ - KURUMSAL ADI
Giriş Elemanı Olarak Kurumsal Ad Veya Yargı Alanı Adı Petrol-İş
245 ## - BAŞLIK TABLOSU
Başlık Türkiye tarımında gübre sanayinin önemi ve TÜGSAŞ
Başlığın Kalan TÜGSAŞ gerçeği
-- TÜGSAŞ'ın özelleştirilmesi tarıma yıkım getirecektir.
Sorumluluk Tablosu, Vb Petrol-İş
246 ## - UNVAN FORM VARYING
Başlık Doğru / Kısa Başlığı TÜGSAŞ gerçeği
246 ## - UNVAN FORM VARYING
Başlık Doğru / Kısa Başlığı TÜGSAŞ'ın özelleştirilmesi tarıma yıkım getirecektir.
260 ## - YAYIN, DAĞITIM, VB
Yayın, Dağıtım, Vb Yeri İstanbul
Yayıncı, Dağıtıcı, Vs Adı Petrol-İş
Yayın, Dağıtım, Vb Tarihi 1999
Üretici Firma Omaş
300 ## - FİZİKSEL TANIM
Kapsam 53 s.
Diğer Fiziksel Ayrıntıları tbl.
Boyutlar 23
440 ## - SERİSİ TABLOSU / KATMA GİRİŞİ - BAŞLIK
Başlık Petrol-iş yayını
Hacim / Ardışık Tanımı 53
504 ## - KAYNAKÇA VB NOT
Kaynakça Vb Notu Kaynakça var.
650 ## - KONU KATMA GİRİŞ - TOPİKAL DÖNEM
Topikal Süreli Veya Coğrafi Ad Giriş Elemanı Gübre sanayi
Genel Alt Bölümü Türkiye
740 ## - KATMA GİRİŞ - KONTROLSUZ İLGİLİ / ANALİTİK BAŞLIK
Kontrol Edilmeyen / İlgili Analitik Başlıktaki TÜGSAŞ gerçeği
740 ## - KATMA GİRİŞ - KONTROLSUZ İLGİLİ / ANALİTİK BAŞLIK
Kontrol Edilmeyen / İlgili Analitik Başlıktaki TÜGSAŞ'ın özelleştirilmesi tarıma yıkım getirecektir.
942 ## - EKLENDİ GİRİŞ ELEMANLARI (KOHA)
Sınıflandırma Veya Raf Düzeni Kaynak
Koha Öğesi Türü Books
999 ## - SİSTEM KONTROL NUMARALARI (KOHA)
Koha Biblionumber 10461
Koha Biblioitemnumber 10461
Holdings
Kalıcı Konum Mevcut Konum Edinme Tarihi Edinim Kaynak Toplam Check-Out'Lar Tam Çağrı Numarası Barkod Tarih Son Görülme İtibaren Geçerli Fiyatlar Koha Öğesi Türü
CHP Kütüphanesi CHP Kütüphanesi 10/31/2017 Bağış   338.47 T96 1999 017532 10/31/2017 10/31/2017 Books